000 00364nam a22001577a 4500
003 SGT
020 _a9789384541255
082 _a615.53
_bC21S
100 _aSASTRI, KASHINATHA
245 _aTHE CARAKA SAMHITA
260 _aVARANASI
_bCHAUKHAMBA PUBLISHER
_c2021
300 _a912
650 _aCARAKA SAMHITA
653 _aCARAKA , SAMHITA
942 _2ddc
_cBK
_03
999 _c22603
_d22603